000 00710nam a2200217 4500
001 113787
003 ES-MaACL
005 20250816062536.0
007 t|
008 061121s1971 sp r ||||1| spa d
100 1 _aNolte, Ernst.
_985925
245 1 3 _aLa crisis del sistema liberal y los movimientos fascistas /
_cErnst Nolte ; traducción de Carlos Ulises Moulines.
250 _a1ª. ed.
260 _aBarcelona :
_bPenínsula,
_c1971.
300 _a350 p. ;
_c20 cm.
490 1 _aHistoria, ciencia, sociedad ;
_v77
700 1 _aMoulines, C. Ulises.
_983863
830 0 0 _aHistoria, ciencia, sociedad (Península)
_v77
_9177444
852 _aES-MaACL
_jC-49005
_bR.78301
999 _c113787
_d113787